Statistiques concernant La Birmanie pour les touristes... - Facile

Cliquez ici pour prendre le quiz!

Statistiques générales

  • Ce quiz a été pris 5 fois
  • Le résultat moyen est 9 sur 20

Statistiques - réponses

QuestionIndiceRéponses% Correct
Quelle est la langue officielle ?Birman
100%
Achats à faire2/ Pierre verteJadeDEJA
100%
Achats à faire3/ Objet en bois...LaquéQUALE
100%
La religion majoritaire estBouddhismeB
80%
Quel est le régime du pays ?DDictature
80%
Achats à faire1/ Pierre rougeRubisBISUR
80%
Quel est le climat local ?TTropical
80%
Combien d'heures (environ) mettrez-vous pour vous y rendre ? (en chiffres)11
60%
Le suffixe internet estmm
60%
Code sur les plaques minéralogiquesMYA
60%
Quelles sont les principaux lieux touristiques ?MBaie du {Bengale}AGNELEB
40%
Comment se nomme la principale compagnie aérienne localeM N AMyanmar National AirlinesAAANNRYMATRIMONIAL
40%
Dans la capitale quel est le décalage horaire avec Paris ? (+ ou - et chiffre) ex - 10 ou + 3,5+ 4,5
20%
Quelles sont les principaux lieux touristiques ?ULac {Inlé}LEIN
20%
Quelles sont les principaux lieux touristiques ?J{Hsipaw}WHIPSA
0%
Quelle est la monnaie ?KyatK
0%
Achats à faire4/ Pour jouer ?MarionnetteREMONTAIENT
0%
Quelles sont les principaux lieux touristiques ?B{Pyin Oo Lwin}OPILIONNWY
0%
Quelles sont les principaux lieux touristiques ?MRégion de {Kengtung}NUGGETEN
0%
Le principal aéroport estYYangon
0%

Distribution des résultats

Percentile par nombre de réponses

% des personnes avec chaque résultat

Votre développement - résultats

Vous n’avez pas pris ce quiz